| 000 | 01146nam a22002417a 4500 | ||
|---|---|---|---|
| 003 | NALT | ||
| 005 | 20210325203327.0 | ||
| 008 | s2551 th tha d | ||
| 020 | _a978974020227 | ||
| 040 | _aNALT | ||
| 041 | _atha | ||
| 050 |
_aN 6923.L4 น554ล 2551 _bน554ล 2551 |
||
| 100 | 1 |
_aนิโคลล์, ชาร์ลส์ _950689 |
|
| 245 | 1 | 0 |
_aเลโอนาร์โด ดา วินชี วิถีอัจฉริยะ / _cชาร์ลส์ นิโคลล์ เขียน ; นพมาส แววหงส์ แปล. |
| 260 |
_aกรุงเทพฯ : _bมติชน, _c2551 |
||
| 300 |
_a623 หน้า : _bภาพประกอบ ; _c24 ซม. |
||
| 600 | 1 | 4 |
_949898 _aลีโอนาร์โด, ดา วินซี, _dค.ศ.1452--1519 |
| 650 | 4 |
_aศิลปิน _922452 _xชีวประวัติ _zอิตาลี |
|
| 700 | 0 |
_949899 _aนพมาส แววหงส์ |
|
| 850 | _aNALT | ||
| 942 |
_cGB _2lcc |
||
| 998 |
_bภัลลิกา บุษมงคล _c103 _j109 _k อารีรัตน์ วิชาช่าง |
||
| 999 |
_c57897 _d57897 |
||